Регионална библиотека "Любен Каравелов" - Русе

Весели сметалки (Запис номер 139631)

MARC детайли
000 -Лидер
Контролно поле с фиксирана дължина 01132nam a2200289 c 4500
003 - Код на организацията, давaща контролен номер
Контролно поле BLK
005 - Дата и час на последна редакция
Контролно поле 20180422112223.0
008 - Елементи от данни с фиксирана дължина
fixed length control field 180409b bul|||||r ||||||| ||bul||
010 ## - Наследен системен номер
LC control number KNG00145681000
040 ## - Източник на каталожния запис
Идентификатор на билиотеката - собственик на записа BLK
041 ## - Код за език
Код за езика на текст/звукозапис или на отделно заглавие Български
Код за езика КДБФ Български
080 ## - УДК
Текстов определител УДК Българска литература
УДК код - определител по УДК 821.163.2
УДК определител -93-1
УДК - код + определител 821.163.2-93-1
100 1# - Редна дума - Автор
Автор Жеглов, Иван Илиев
Авторска отговорност първи автор
R(LIN) 363798
139 ## - Редно поле
Редна дума Жеглов, Иван Илиев
Авторски знак Же - Ж 29
245 10 - Сведения за заглавието
Заглавие Весели сметалки
Подзаглавни данни Стихове за деца
Редно поле (дума) Иван Илиев Жеглов; худож. Панайот Сотиров Гелев.
257 ## - Страна на издаване
Страна на създаване/издаване България
260 ## - Област на издателските данни
-- София
Име на издателя, разпространителя и проч. Отечество
Година на издаване 1987
300 ## - Физическа характеристика
Страници 64 с.
Илюстрации и др. с ил.
Размери/Мащаб 21 см
380 ## - Жанр
Жанр Детска худож. лит.
500 ## - Общи забележки
Забележка 7 117 тир.
700 1# - Други автори (авторска отговорност)
Лично име Гелев, Панайот Сотиров
Автороска отговорност (Описва отношението между автора и произведението) худож.
9 (RLIN) 379302
852 ## - Местоположение
Форматна сигнатура Цб 260990
856 4# - Електронен адрес и достъп
Електронен формат pdf - файл
Път до файла /url/
856 4# - Електронен адрес и достъп
Електронен формат pdf - файл
Път до файла /url/
942 ## - АРТИКУЛИ
Вид на библиотечния материал Книги
Скрит в OPAC Не
944 ## - СЪЗДАВАНЕ И РЕДАКЦИЯ на ЗАПИСА
Създаване/Редакция Създаване
Дата на регистрацията/редакция 12.07.2013
Статус, дата на статуса 12.07.2013 - от С1,Р / 12.07.2013
Служител, извършил регистрацията/редакцията Геновева_Генчева
944 ## - СЪЗДАВАНЕ И РЕДАКЦИЯ на ЗАПИСА
Създаване/Редакция Редакция
Дата на регистрацията/редакция 19.09.2017
Статус, дата на статуса 12.07.2013 - от С1,Р / 12.07.2013
Служител, извършил регистрацията/редакцията Наталия_Любомирова
999 ## - СИСТЕМНИ КОНТРОЛНИ НОМЕРА
Koha biblionumber 139631
Koha biblioitemnumber 139631
Наличности
Код за отписване Код за изгубен артикул Източник на класификационната схема Код за повреда Коз за рестрикции Код за отдаване Артикулен № Име на библиотеката - собственик Име на библиотеката, в която се намира в момента Статус (Текущо местоположение) Дата на вписване в системата Местоположение - отдел Цена в лева Инвентарен номер Систематично азбучна сигнатура Баркод Номер на екземпляра Цена в евро Служебна бележка Служебен тип на артикула Бележка за публиката
  Не е изгубен Universal Decimal Classification Не е повреден без рестрикции ползва се в читалня 228689 Регионална библиотека "Любен Каравелов" Русе Регионална библиотека "Любен Каравелов" Русе Хранилище 1987-01-01 Хранилище 0.33 480262 Цб 260990 120000480262 1 0.17 N: стар фонд Дата: 01.01.1987 Книги  
  Не е изгубен Universal Decimal Classification Не е повреден без рестрикции заемане за дома 228690 Регионална библиотека "Любен Каравелов" Русе Регионална библиотека "Любен Каравелов" Русе Детски отдел 1987-01-01 Детски отдел 0.33 481341 ДХ 886.7/Ж 32 120000481341 2 0.17 N: стар фонд Дата: 01.01.1987 Дата инв: 04.08.2015 Бележки инв: Д2015 Книги  
Изтеглен Не е изгубен   Не е повреден без рестрикции заемане за дома 228691 Регионална библиотека "Любен Каравелов" Русе Регионална библиотека "Любен Каравелов" Русе   1987-01-01 Детски отдел 0.33 481342 ДХ 886.7/Ж 32 481342 3 0.17 N: стар фонд Дата: 01.01.1987 Дата инв: 02.09.2015 Бележки инв: Д2015 Книги Отч.N: 32/2017 , Дата: 04.09.2017
Изтеглен Не е изгубен   Не е повреден без рестрикции заемане за дома 228692 Регионална библиотека "Любен Каравелов" Русе Регионална библиотека "Любен Каравелов" Русе   1987-01-01 Детски отдел 0.33 481343 ДХ 886.7/Ж 32 481343 4 0.17 N: стар фонд Дата: 01.01.1987 Дата инв: 02.09.2015 Бележки инв: Д2015 Книги Отч.N: 30/2017 , Дата: 01.09.2017
Изтеглен Не е изгубен   Не е повреден без рестрикции заемане за дома 228693 Регионална библиотека "Любен Каравелов" Русе Регионална библиотека "Любен Каравелов" Русе Детски отдел 1987-01-01 Детски отдел 0.33 481344 ДХ 886.7/Ж 32 481344 5 0.17 N: стар фонд Дата: 01.01.1987 Дата инв: 02.09.2015 Бележки инв: Д2015 Книги  
Изтеглен Не е изгубен   Не е повреден без рестрикции заемане за дома 228694 Регионална библиотека "Любен Каравелов" Русе Регионална библиотека "Любен Каравелов" Русе   1987-01-01 Детски отдел 0.33 481345 ДХ 886.7/Ж 32 481345 6 0.17 N: стар фонд Дата: 01.01.1987 Дата инв: 02.09.2015 Бележки инв: Д2015 Книги Отч.N: 30/2017 , Дата: 01.09.2017
Vip Innovations Ltd, Rousse, Bulgaria 2025